LEADER 03359nam 22006735 450 001 9910410039003321 005 20251225181924.0 010 $a3-030-45099-6 024 7 $a10.1007/978-3-030-45099-1 035 $a(CKB)4100000011321026 035 $a(MiAaPQ)EBC6237609 035 $a(DE-He213)978-3-030-45099-1 035 $a(PPN)248597396 035 $a(MiAaPQ)EBC6237408 035 $a(MiAaPQ)EBC29224577 035 $a(EXLCZ)994100000011321026 100 $a20200625d2020 u| 0 101 0 $aeng 135 $aurcnu|||||||| 181 $ctxt$2rdacontent 182 $cc$2rdamedia 183 $acr$2rdacarrier 200 10$aUrban Intelligence and Applications $eProceedings of ICUIA 2019 /$fedited by Xiaohui Yuan, Mohamed Elhoseny 205 $a1st ed. 2020. 210 1$aCham :$cSpringer International Publishing :$cImprint: Springer,$d2020. 215 $a1 online resource (248 pages) 225 1 $aStudies in Distributed Intelligence,$x2662-3714 300 $aIncludes index. 311 08$a3-030-45098-8 327 $aChapter 1 -- Urban sustainability. Chapter 2 -- Urban management and Applications. Chapter 3 -- Smart City Applications. Chapter 4 -- Image and Signal Processing. Chapter 5 -- Natural Language Processing. Chapter 6 -- Machine Learning and Applications. . 330 $aThis volume presents selected papers from the International Conference on Urban Intelligence and Applications (ICUIA), which took place on May 10-12, 2019 in Wuhan, China. The goal of the conference was to bring together researchers, industry leaders, policy makers, and administrators to discuss emerging technologies and their applications to advance the design and implementation of intelligent utilization and management of urban assets, and thus contributing to the autonomous, reliable, and efficient operation of modern, smart cities. The papers are collated to address major themes of urban sustainability, urban infrastructure and management, smart city applications, image and signal processing, natural language processing, and machine learning for monitoring and communications applications. The book will be of interest to researchers and industrial practitioners working on geospatial theories and tools, smart city applications, urban mobility and transportation, and community well-being and management. 410 0$aStudies in Distributed Intelligence,$x2662-3714 606 $aMachine learning 606 $aSociology, Urban 606 $aBusiness information services 606 $aSystem theory 606 $aMachine Learning 606 $aUrban Sociology 606 $aIT in Business 606 $aComplex Systems 615 0$aMachine learning. 615 0$aSociology, Urban. 615 0$aBusiness information services. 615 0$aSystem theory. 615 14$aMachine Learning. 615 24$aUrban Sociology. 615 24$aIT in Business. 615 24$aComplex Systems. 676 $a307.760285 676 $a307.1216 702 $aYuan$b Xiaohui$4edt$4http://id.loc.gov/vocabulary/relators/edt 702 $aElhoseny$b Mohamed$4edt$4http://id.loc.gov/vocabulary/relators/edt 801 0$bMiAaPQ 801 1$bMiAaPQ 801 2$bMiAaPQ 906 $aBOOK 912 $a9910410039003321 996 $aUrban Intelligence and Applications$92153506 997 $aUNINA